Gala 7 OT2025 - Estadísticas

Estadísticas generales
  • Esta prueba ha sido intentada 36 veces
  • La puntuación promedio es 6 de 9
Estadísticas de respuestas
Imagen Hint Respuesta % Correcto
María Cruz La reina
100%
Guillo Rist CATARATA
97%
Olivia Superestrella
93%
Claudia Arenas y Cristina End of the world
70%
Grupal Qué bonito es querer
63%
Lucía Casani y Guille Toledano Siempre es de noche
60%
Tinho Let's dance
57%
Crespo y Téyou Don't look back in anger
43%
Laura Muñoz Greatest love of all
33%
No se encontraron pruebas coincidentes
Distribución de puntuación
Porcentaje de gente con cada puntuación
Porcentaje por número respondido
Historial de tus puntuaciones
No has intentado esta prueba.